ロード中...

Samkalin upanyason ka vaicharik paksha /

書誌詳細
第一著者: Chohan, Arjun
フォーマット: Printed Book
言語:Hindi
出版事項: New Delhi: Vani Prakashan; c2008.
主題:
LEADER 00629nam a22001697a 4500
008 140827b xxu||||| |||| 00| 0 hin d
020 |a 9789350009369  |c INR 500 
100 |a Chohan, Arjun 
245 |a Samkalin upanyason ka vaicharik paksha /  |c Arjun Chohan 
260 |a New Delhi:  |b Vani Prakashan;  |c c2008. 
300 |a 412 p.; 
546 |a In Hindi. 
650 0 |a Upanyas alochana 
653 |a Novel - Criticism 
942 |c BK 
999 |c 246726  |d 246726 
952 |0 0  |1 0  |4 0  |6 S_35  |7 0  |9 273928  |a HIN  |b HIN  |c S-35  |d 2014-11-13  |e The Book Shop, Publication Division, University of Calicut  |g 500.00  |i 23237  |l 0  |o S-35  |p HIN23237  |r 2014-11-13  |w 2014-11-13  |y BK